Fußball-Logos A-Z - Statistiken

Allgemein
  • Dieses Quiz wurde 746 mal gespielt
  • Das Durchschnittsergebnis liegt bei 20 aus 25
Antwortstatistiken
Bildquiz Hint Antwort % Korrekt
B Barcelona
99%
A Arsenal
98%
C Chelsea
96%
K 1. FC Köln
93%
H Hamburg
93%
J Juventus
93%
L Liverpool
92%
P Paris Saint-Germain
92%
M Manchester United
91%
R Real Madrid
89%
E Everton
86%
N Neapel
85%
T Tottenham Hotspur
85%
I Inter Mailand
84%
G Galatasaray
83%
W Wolfsburg
83%
S Sevilla
81%
V Valencia
79%
Y Young Boys
79%
D Dinamo Zagreb
78%
F Feyenoord
66%
O Olympiakós
65%
U Udinese
59%
Z Zürich
49%
Q Queens Park Rangers
35%
Keine übereinstimmenden Quizze gefunden
Verteilung der Resultate
Anzahl Personen mit jedem Resultat
Perzentil nach korrekt beantworteten Fragen
Ihre Resultats-Entwicklung
Sie haben dieses Quiz noch nicht gespielt